|
|
|
|
| LEADER |
00000nab a2200000uu 4500 |
| 001 |
vtls011441783 |
| 003 |
SK-MaSNL |
| 005 |
20260303123312.0 |
| 008 |
230213|1973 xo |||||||||||||||||eng| |
| 015 |
|
|
|a SNBRB
|
| 035 |
|
|
|a (urnnbn)urn:nbn:sk:snk:ar-0031b6
|
| 035 |
|
|
|a (uuid)0f2ca9dc-31d1-4f80-af70-ff260af66fe6
|
| 035 |
|
|
|a urn:nbn:sk:snk-abcfy6
|
| 040 |
|
|
|a SNKBUCL
|b slo
|c SNKBUCL
|e AACR2
|
| 041 |
0 |
|
|a eng
|
| 044 |
|
|
|a xo
|c SK
|
| 100 |
1 |
|
|a Veselovský, Ján
|4 aut
|9 5063
|
| 245 |
1 |
0 |
|a METABOLIC POOL OF FREE AMINOACIDS IN MUSCLES OF THE COCKCHAFER, MELOLONTHA MELOLONTHA UNDER CONDITIONS OF STARVATION
|c Ján Veselovský, Jozef Škrobák
|
| 700 |
1 |
|
|a Škrobák, Jozef
|4 aut
|9 896413
|
| 773 |
0 |
|
|t Biológia : časopis Slovenskej akadémie vied
|g Roč. 28, č. 2 (1973), s. 115-119
|
| 954 |
|
|
|a odborná, vedecká literatúra pôvodná (slovenská)
|2 lita
|
| 958 |
|
|
|a OND
|
| 958 |
|
|
|a EUIPO
|
| 958 |
|
|
|a article16
|
| 999 |
|
|
|c 1925017
|d 1926947
|